000 01471nam a22002537a 4500
999 _c56919
_d56919
003 Ge_BSU
005 20190620152700.0
008 190620b2018 ge ||||| |||| 00| 0 geo d
020 _a9789941264665
041 _ageoi
080 _a338.43(479.223) ჯ-28
100 _aჯახაია, ლელა.
_92658
245 _aაგრარული სექტორის ეკონომიკური პრობლემები და მისი დაძლევის პერსპექტივები (აჭარის მაგალითზე) /
_cლელა ჯახაია ; რედ : პაატა კოღუაშვილი .
264 _aთბილისი :
_bუნივერსალი,
_c2018.
300 _a188 გვ.:
_bილ ;
_c20 სმ.
500 _aცხრილ.
504 _aბიბლიოგრაფ.გვ: 153-165
653 _aაგრაგული სექტორის ეკონომიკა - აჭარა
700 _aკოღუაშვილი პაატა
_eრედაქტორი
_92659
710 _aბათუმის შოთა რუსთაველის სახელმწიფო უნ-ტი
_92660
710 _aეკონომიკისა და ბიზნესისი ფაკულტეტი
_92661
710 _aეკონომიკის დეპარტამენტი
_92662
942 _2udc
_cBK